| 000 | 00000nam##2200000za#4500 |
| 001 | 9.641817 |
| 003 | CaOODSP |
| 005 | 20210624223412 |
| 007 | cr ||||||||||| |
| 008 | 150407|2000||||xxc|||||o f|0| 0 fre|d |
| 040 | |aCaOODSP|bfre |
| 043 | |an-cn--- |
| 086 | 1 |aRH64-30/2000F-PDF |
| 110 | 1 |aCanada.|bDéveloppement des ressources humaines Canada. |bPolitique stratégique. |
| 245 | 10|aÉvaluation de l'incidence de diverses composantes du projet de loi C-12 sur la durée des périodes de chômage : |h[ressource électronique]|brapport final / |c[par] Guy Lacroix et Marc Van Audenrode. |
| 260 | |aOttawa - Ontario : |bDéveloppement des ressources humaines Canada. |cOctobre 2000. |
| 300 | |a140p.|bfigures, tableaux |
| 590 | |a13-12-Supp|b2013-05-10 |
| 691 | 07|aAssurance-emploi|2gcpds |
| 775 | 08|tAn assessment of various components of Bill C-12 on the duration of unemployment spells : |w(CaOODSP)9.697771 |
| 856 | 40|ahttp://publications.gc.ca|qPDF|s416 Ko|uhttps://publications.gc.ca/collections/collection_2013/rhdcc-hrsdc/RH64-30-2000-fra.pdf |
| 986 | |aSP-AH130-10-00F |